000 00447nam a2200169Ia 4500
008 210719s1985 xx 000 0 und d
020 _a81 85095 92 2
041 _aeng
082 _a813.409 EDEH
100 _aEDEL (Leon).;
245 _aHenry james a life
260 _aND
_bAffiliated East-West Prees Pvt. Ltd.
_c1985
300 _a740
_bPB
365 _b110
_cRs
650 _aAmerican English Criticism
906 _aHenry JamesHenry james
999 _c211699
_d211699